Top 10 gruseligste Horrorfilme - Statistiken

Allgemein
  • Dieses Quiz wurde 69 mal gespielt
  • Das Durchschnittsergebnis liegt bei 3 aus 10
Antwortstatistiken
Nr. Jahr Film % Korrekt
10 2016 Conjuring 2
84%
4 2013 Conjuring – Die Heimsuchung
84%
3 2010 Insidious
48%
2 2012 Sinister
48%
9 2007 Paranormal Activity
29%
5 2018 Hereditary
21%
1 2020 Host
21%
8 2020 A Quiet Place 2
3%
7 2014 It Follows
3%
6 2017 Terrified
2%
Keine übereinstimmenden Quizze gefunden
Verteilung der Resultate
Anzahl Personen mit jedem Resultat
Perzentil nach korrekt beantworteten Fragen
Ihre Resultats-Entwicklung
Sie haben dieses Quiz noch nicht gespielt